Quick Pick: Civil Rights Activists Quiz Stats

 Plays Quiz Updated Mar 9, 2018

Score 0/10 Timer 01:00
0 Plays Today
% Correct
Martin
98%
Rosa
97.1%
Malcolm
96.4%
Jesse
90.4%
Frederick
88.9%
Thurgood
85.3%
Nina
82.1%
W.E.B.
74%
Medgar
72.4%
Dorothy
69.7%

Today's Daily Dose

You're not logged in!

Compare scores with friends on all Sporcle quizzes.
OR
Log In

You Might Also Like...

Show Comments

Extras

Top Quizzes Today


Score Distribution

Your Account Isn't Verified!

In order to create a playlist on Sporcle, you need to verify the email address you used during registration. Go to your Sporcle Settings to finish the process.

Report this User

Report this user for behavior that violates our Community Guidelines.

Details: